| 000 | 00463nam a2200181Ia 4500 | ||
|---|---|---|---|
| 001 | 17509 | ||
| 005 | 20260306171522.0 | ||
| 008 | 260306s9999||||xx |||||||||||||| ||und|| | ||
| 041 | _aESP | ||
| 082 |
_a658 _bR76I |
||
| 100 |
_aRodriguez Valencia, Joaquín _eAUT |
||
| 245 | 0 | _aIntroducción a la administración con enfoque de sistemas | |
| 260 | _c1998 | ||
| 300 |
_a730 páginas : _c22 cm. |
||
| 650 | _aGEN | ||
| 654 | _aCAN | ||
| 942 |
_cLIB _dJUS _fJUS _2ddc _n |
||
| 999 |
_c17509 _d17509 |
||